000
00300nam a22001337a 4500
020
_a
0-09-926699-7
082
_a
823
_b
HUG/S
100
_a
HUGHES
245
_a
THE CHARLIE MOON COLLECTION
260
_a
UNITED KINGDOM
_b
RED FOX
_c
1988
300
_a
149
650
_a
NOVEL
_z
UNITED KINGDOM
942
_c
BK
999
_c
3309
_d
3309